Кадашевские чтения. [Вып.] 16 (Запись № 10386671)

Подробности
000 -МАРКЕР
контрольное поле 01640nam2a2200265 4500
001 - ИДЕНТИФИКАТОР ЗАПИСИ
контрольное поле RU\NLR\BIBL_A\010853913
005 - ИДЕНТИФИКАТОР ВЕРСИИ
контрольное поле 20250624192419.0
010 ## - МЕЖДУНАРОДНЫЙ СТАНДАРТНЫЙ НОМЕР КНИГИ (ISBN)
Номер (ISBN) 978-5-902484-71-4
Тираж 500
021 ## - НОМЕР ГОСУДАРСТВЕННОЙ РЕГИСТРАЦИИ
Код страны Российская Федерация
Номер 2015-65071
Номер Листа государственной регистраци 3885
035 ## - ДРУГИЕ СИСТЕМНЫЕ НОМЕРА
Идентификатор записи (NLR Aleph) 010853913
100 ## - ДАННЫЕ ОБЩЕЙ ОБРАБОТКИ
Данные общей обработки 20151001d2015 |||y0rusy50 ca
101 0# - ЯЗЫК РЕСУРСА
Язык текста, звукозаписи и т.д. русский
102 ## - СТРАНА ПУБЛИКАЦИИ ИЛИ ПРОИЗВОДСТВА
Страна публикации Российская Федерация
105 ## - ПОЛЕ КОДИРОВАННЫХ ДАННЫХ: ТЕКСТОВЫЕ МАТЕРИАЛЫ, МОНОГРАФИЧЕСКИЕ
Кодированные данные о монографическом текстовом документе ach|z|||100yy
200 0# - ЗАГЛАВИЕ И СВЕДЕНИЯ ОБ ОТВЕТСТВЕННОСТИ
Основное заглавие [Вып.] 16
Сведения, относящиеся к заглавию [основан на материалах XVI конференции "Кадашевские чтения", прошедшей в храме Воскресения Христова в Кадашах 15-16 декабря 2014 г.]
210 ## - ПУБЛИКАЦИЯ, РАСПРОСТРАНЕНИЕ И ДР.
Место издания, распространения и т.д. Москва
Имя издателя, распространителя и т. д. Луг духовный
-- Общество сохранения литературного наследия
Дата издания, распространения и т.д. 2015
215 ## - ФИЗИЧЕСКАЯ ХАРАКТЕРИСТИКА
Специфическое обозначение материала и объем 303 с.
Другие сведения о физической характеристике ил., цв. ил., факс., портр.
320 ## - ПРИМЕЧАНИЯ О НАЛИЧИИ В ДОКУМЕНТЕ БИБЛИОГРАФИИ / УКАЗАТЕЛЯ
Текст примечания Библиогр. в примеч. в конце ст.
461 #0 - УРОВЕНЬ НАБОРА
Встроенное поле 001RU\NLR\bibl\1705438
-- 2000#$aКадашевские чтения$eсборник докладов конференции$f[гл. ред.: Протоиерей Александр Салтыков]$v[Вып.] 16
Системный номер (АБИС) связанной записи 1193369
Место публикации Москва
Дата публикации 2009
Первые сведения об ответственности [гл. ред.: Протоиерей Александр Салтыков]
Имя издателя, распространителя и т.д. Кадашевская Слобода
Сведения, относящиеся к заглавию сборник докладов конференции
Заглавие Кадашевские чтения
Номер тома [Вып.] 16
711 12 - НАИМЕНОВАНИЕ ОРГАНИЗАЦИИ - АЛЬТЕРНАТИВНАЯ ОТВЕТСТВЕННОСТЬ
Начальный элемент ввода "Кадашевские чтения", конференция
Порядковый номер временной организации и / или порядковый номер ее части 16
Место проведения временной организации Кадаши
Дата проведения временной организации 2015
Системный номер авторитетной/нормативной записи 485926
Идентификатор авторитетной/нормативной записи RU\NLR\AUTH\880410089
942 ## - ДОПОЛНИТЕЛЬНЫЕ ЭЛЕМЕНТЫ ЗАПИСИ (АБИС)
Тип экземпляра АБИС Книга
980 ## - КОЛЛЕКЦИЯ
Название коллекции Национальная библиография
Экземпляры
Тип экземпляра Дата поступления Источник поступления Библиотека постоянного хранения Библиотека текущего хранения Место хранения Шифр хранения Штрих-код Статус экземпляра Стоимость
Книга 01.10.2015 Обязательный экземпляр РНБ (Московский) РНБ (Московский) Русский книжный фонд: издания с 1957 года 2010-8/3192 1-1129592    
Книга 01.10.2015 Обязательный экземпляр РНБ (Московский) РНБ (Московский) Русский книжный фонд: издания с 1957 года 2010-8/3192 1-1129593    
Книга 04.05.2022 Дар РНБ (Садовая) РНБ (Садовая) Фонд международного книгообмена   1-2972347 Доставлен в Фoнд 100.00
Книга 04.05.2022 Дар РНБ (Садовая) РНБ (Садовая) Фонд международного книгообмена   1-2972343 Доставлен в Фoнд 100.00